Reprezentanci Niemiec! - Statystyki

Ogólne statystyki
  • Ten quiz został rozwiązany 66 razy
  • Średni wynik to 37 z 116
Statystyki odpowiedzi
Pozycja Obecny klub Zawodnik % Poprawnych
Bramkarz Bayern Monachium Neuer
96%
Pomocnik Western Sydney Wanderers Muller
88%
Napastnik Bayern Monachium Muller
88%
Bramkarz Barcelona Ter Stegen
86%
Pomocnik Real Madryt Kroos
82%
Obrońca Borussia D Hummels
81%
Obrońca Bayern Monachium Boateng
79%
Napastnik - Klose
77%
Napastnik Chelsea Werner
75%
Pomocnik Bayern Monachium Goretzka
74%
Pomocnik Manchester City Gundogan
74%
Pomocnik Borussia Dortmund Reus
74%
Pomocnik Chelsea Havertz
72%
Obrońca - Lahm
72%
Napastnik Antalyaspor Podolski
72%
Napastnik Bayern Monachium Gnabry
70%
Napastnik - Gomez
70%
Pomocnik PSV Gotze
70%
Pomocnik Bayern Monachium Kimmich
70%
Bramkarz Arsenal Leno
70%
Napastnik Bayern Monachium Sane
70%
Obrońca Bayern Monachium Sule
70%
Obrońca Chelsea Rudiger
68%
Pomocnik PSG Draxler
65%
Pomocnik Fenerbahce Ozil
65%
Pomocnik Hertha Berlin Khedira
63%
Bramkarz Frankfurt Trapp
54%
Obrońca Borussia Dortmund Schmelzer
53%
Pomocnik - Schweinsteiger
51%
Pomocnik Bayern Monachium Musiala
49%
Napastnik - Schurrle
49%
Napastnik Monaco Volland
49%
Obrońca PSG Kehrer
47%
Obrońca Bayer Tah
46%
Pomocnik Borussia Dortmund Can
44%
Pomocnik Atalanta Gosens
42%
Obrońca - Howedes
42%
Obrońca Bayer Bender
39%
Obrońca Bayer Bender
39%
Pomocnik - Ballack
37%
Bramkarz [*] Enke
35%
Pomocnik Koln Hector
35%
Obrońca Stuttgart II Badstuber
33%
Pomocnik Bayer Wirtz
33%
Pomocnik Borussia Dortmund Brandt
32%
Pomocnik Hoffenheim Rudy
32%
Pomocnik Benfica Weigl
32%
Obrońca Borussia M Ginter
30%
Obrońca Lipsk Klostermann
30%
Obrońca - Mertesacker
30%
Obrońca Schalke Mustafi
28%
Napastnik Borussia M Stindl
28%
Obrońca Bovinghausen Groskreutz
26%
Obrońca Hannover 96 II Schulz
26%
Obrońca Borussia Dortmund Schulz
26%
Bramkarz Hamburger Ulreich
25%
Pomocnik Wolfsburg Arnold
23%
Obrońca Leeds Koch
23%
Napastnik Union Berlin Kruse
23%
Obrońca Hertha Berlin Stark
23%
Napastnik Bayer Bellarabi
21%
Napastnik - Cacau
21%
Napastnik - Kiesling
21%
Pomocnik Borussia M Kramer
21%
Pomocnik Hamburger III Trochowski
21%
Napastnik - Wagner
21%
Obrońca PSV Max
19%
Pomocnik Koln Meyer
19%
Bramkarz - Wiese
19%
Bramkarz - Adler
18%
Pomocnik Napoli Demme
18%
Obrońca Frankfurt Durm
18%
Obrońca Freiburg Gunter
18%
Napastnik Borussia M Hofmann
18%
Pomocnik Borussia M Neuhaus
18%
Bramkarz Koln Zieler
18%
Bramkarz - Butt
16%
Obrońca Lipsk Halstenberg
16%
Napastnik Augsburg Hahn
14%
Pomocnik Bayer Demirbay
12%
Obrońca - Friedrich
12%
Obrońca Hamburger III Jansen
12%
Obrońca Hertha Berlin Plattenhardt
12%
Obrońca Bez klubu Tasci
12%
Napastnik Benfica Waldschmidt
12%
Pomocnik Frankfurt Younes
12%
Napastnik Borussia M Herrmann
11%
Pomocnik Al-Raed Marin
11%
Napastnik Schalke Uth
11%
Pomocnik - Aogo
9%
Obrońca Lipsk Henrichs
9%
Pomocnik Hamburger Hunt
9%
Pomocnik Bayer Amiri
7%
Pomocnik - Hitzlsperger
7%
Napastnik Freiburg Petersen
7%
Napastnik Antalyaspor Sam
7%
Obrońca Eupen Beck
5%
Pomocnik Blackburn Holtby
5%
Pomocnik Dynamo Moskwa Neustadter
5%
Pomocnik - Rolfes
5%
Bramkarz - Weindenfeller
5%
Bramkarz Borussia M Sippel
4%
Pomocnik - Trasch
4%
Pomocnik Werder Brema Eggestein
2%
Pomocnik Union Berlin Gentner
2%
Pomocnik Wolfsburg Gerhardt
2%
Napastnik - Helmes
2%
Obrońca Karlsruher Jung
2%
Obrońca Union Berlin Knoche
2%
Pomocnik Schalke Serdar
2%
Obrońca - Westermann
2%
Pomocnik - Reinartz
0%
Obrońca - Riether
0%
Obrońca - Schafer
0%
Obrońca Nurnberg Sorg
0%
Obrońca - Wollscheid
0%
Nie znaleziono quizów pasujących do podanych kryteriów
Rozkład punktacji
Procent ludzi z każdym wynikiem
Percentyl według liczby udzielonych odpowiedzi
Twoja historia wyników
Nie rozwiązałeś tego quizu